LDR 00659naa#a2200181#i#450# 001 EN\\bibl\119789 005 20260417095024.5 011 ## _a2782-4586 100 ## _a20260331b2026####ek#y0engy0150####ca 101 0# _aENG 102 ## _aRU 200 1# _aAspects of state policy in the field of foreign economic activity of the Republic of Sakha (Yakutia) during the presidency of M.E. Nikolaev _eJournal article 210 1# _aMoscow _cITBO University _d2026 215 ## _a4 с. 608 ## _aJournal article _2local 675 ## _aРеформы. 332.021.8 _aИстория. Теоретические вопросы. 93 _zENG 700 #1 _aEgorov _gPetr Mikhaylovich 856 4# _ajomeam.ru _u